|
|
|
|
| LEADER |
00000nbm0a2200000 4500 |
| 001 |
161318 |
| 005 |
20231214153753.0 |
| 035 |
|
|
|a (RuTPU)RU\TPU\book\174933
|
| 090 |
|
|
|a 161318
|
| 100 |
|
|
|a 20090605d1967 k y0rusy50 ca
|
| 101 |
0 |
|
|a rus
|
| 102 |
|
|
|a RU
|
| 105 |
|
|
|a a p 000zy
|
| 200 |
1 |
|
|a Разработка устройства селективной сигнализации замыканий на землю компенсированной сети 6 кв Ново-Кемеровской ТЭЦ
|e отчет о НИР
|e тема: х/д 67/67
|f Томский политехнический институт (ТПИ) ; рук. Р. А. Вайнштейн, П. Анохин
|
| 210 |
|
|
|a Томск
|d 1967
|
| 215 |
|
|
|a 6 л.
|
| 610 |
1 |
|
|a отчеты о НИР
|
| 610 |
1 |
|
|a ТЭЦ
|
| 610 |
1 |
|
|a замыкания на землю
|
| 610 |
1 |
|
|a селективная сигнализация
|
| 610 |
1 |
|
|a устройства
|
| 610 |
1 |
|
|a разработка
|
| 610 |
1 |
|
|a компенсированные сети
|
| 610 |
1 |
|
|a труды учёных ТПУ
|
| 675 |
|
|
|a 621.316.9.014(4)
|v 3
|
| 702 |
|
1 |
|a Вайнштейн
|b Р. А.
|c специалист в области электроэнергетики
|c профессор Томского политехнического университета, доктор технических наук
|f 1937-
|g Роберт Александрович
|3 (RuTPU)RU\TPU\pers\26489
|4 673
|9 12191
|
| 702 |
|
1 |
|a Анохин
|b П.
|4 677
|
| 712 |
0 |
2 |
|a Томский политехнический институт (ТПИ)
|c (1944-1991)
|3 (RuTPU)RU\TPU\col\1123
|4 595
|
| 801 |
|
1 |
|a RU
|b 63413507
|c 20090605
|g PSBO
|
| 801 |
|
2 |
|a RU
|b 63413507
|c 20140916
|g RCR
|
| 942 |
|
|
|c BK
|